[Event "Suedschwaben-ch Seniors"]
[Site "Immenstadt"]
[Date "2013.02.16"]
[Round "4.6"]
[White "Rascher, Helena"]
[Black "Diete, Guenter"]
[Result "0-1"]
[WhiteElo "1298"]
[BlackElo "1732"]
[PlyCount "114"]
[EventDate "2013.02.15"]
[EventType "swiss"]
[EventRounds "6"]
[EventCountry "GER"]
[SourceTitle "EXT 2022"]
[Source "ChessBase"]
[SourceDate "2021.10.06"]
[SourceVersion "1"]
[SourceVersionDate "2021.10.06"]
[SourceQuality "1"]

1. e4 e5 2. Bc4 c6 3. Nf3 d5 4. Bb3 Bg4 5. h3 Bxf3 6. Qxf3 Nf6 7. d3 Be7 8. 0-0 0-0 9. Bg5 d4 10. Nd2 Nbd7 11. Nc4 Qc7 12. a3 b5 13. Nd2 Nc5 14. Bxf6 Bxf6 15. Ba2 a5 16. Nb3 Nd7 17. Qg3 a4 18. Nd2 Nb6 19. Nf3 Rad8 20. Nh2 g6 21. Ng4 Bg7 22. f4 h5 23. Nxe5 Bxe5 24. fxe5 Kg7 25. Qh2 Rde8 26. Rf2 Qxe5 27. Rf4 Nd7 28. Raf1 f6 29. R4f3 Qxh2+ 30. Kxh2 Ne5 31. R3f2 c5 32. Bd5 Rb8 33. Kh1 c4 34. dxc4 bxc4 35. Rb1 Rb6 36. b4 axb3 37. cxb3 c3 38. b4 d3 39. Bb3 Rc8 40. Kh2 c2 41. Rc1 Rc3 42. Bxc2 dxc2 43. Rcxc2 Rxa3 44. Rc7+ Kh6 45. Re7 Rb3 46. Re8 R3xb4 47. Rf8 Rxe4 48. R2xf6 Rxf6 49. Rxf6 h4 50. Kg1 Kg5 51. Rf8 Re1+ 52. Kh2 Nd3 53. Rf7 Re2 54. Kg1 Nf4 55. Kh1 Nxg2 56. Kg1 Nf4 57. Kh1 Re3 0-1

[Event "Suedschwaben-ch Seniors"]
[Site "Immenstadt"]
[Date "2012.03.31"]
[Round "1.3"]
[White "Diete, Guenter"]
[Black "Haeusler, Manfred"]
[Result "1-0"]
[WhiteElo "1732"]
[BlackElo "1459"]
[PlyCount "81"]
[EventDate "2012.03.31"]
[EventType "swiss"]
[EventRounds "6"]
[EventCountry "GER"]
[SourceTitle "EXT 2022"]
[Source "ChessBase"]
[SourceDate "2021.10.06"]
[SourceVersion "1"]
[SourceVersionDate "2021.10.06"]
[SourceQuality "1"]

1. e4 e5 2. Nf3 Nc6 3. Bc4 Nf6 4. Nc3 Bc5 5. 0-0 0-0 6. Re1 d6 7. h3 h6 8. d3 a6 9. a4 Ne7 10. Ne2 Ng6 11. c3 c6 12. d4 exd4 13. cxd4 Bb6 14. Bd3 Ne7 15. Qc2 Bd7 16. Bd2 Rc8 17. Bc3 c5 18. dxc5 Rxc5 19. b4 Rc8 20. Qb2 Nc6 21. Nf4 Re8 22. a5 Bc7 23. Nd5 Ne5 24. Nxe5 dxe5 25. Nxc7 Qxc7 26. Rac1 Bc6 27. Bd2 Qd6 28. Qb1 Nxe4 29. Be3 Nf6 30. Red1 Nd5 31. Bc5 Qf6 32. Be4 Nf4 33. Rd6 Bxe4 34. Qxe4 Qg5 35. Rc3 Qh5 36. Kh2 Ne2 37. Re3 Nf4 38. Qxb7 Ne6 39. Rxa6 Nxc5 40. bxc5 Qf5 41. Rf3 1-0

[Event "Bad Woerishofen Seniors op 28th"]
[Site "Bad Woerishofen"]
[Date "2012.03.04"]
[Round "3.37"]
[White "Birkestrand, Odd Helge"]
[Black "Diete, Guenter"]
[Result "1-0"]
[WhiteElo "1653"]
[BlackElo "1761"]
[PlyCount "45"]
[EventDate "2012.03.02"]
[EventType "swiss"]
[EventRounds "9"]
[EventCountry "GER"]
[SourceTitle "EXT 2022"]
[Source "ChessBase"]
[SourceDate "2021.10.06"]
[SourceVersion "1"]
[SourceVersionDate "2021.10.06"]
[SourceQuality "1"]

1. e4 e5 2. Nf3 Nc6 3. Bc4 Nf6 4. Ng5 d5 5. exd5 Na5 6. d3 Nxc4 7. dxc4 Be7 8. Qe2 0-0 9. 0-0 Nd7 10. Nf3 Bf6 11. Nc3 Re8 12. Ne4 Be7 13. h3 h6 14. g4 b6 15. Bd2 a5 16. Rad1 Ba6 17. Be3 Nf6 18. Nxf6+ Bxf6 19. b3 e4 20. Nd4 Qxd5 21. cxd5 Bxe2 22. Nxe2 Rad8 23. c4 1-0

[Event "Bad Woerishofen Seniors op 24th"]
[Site "Bad Woerishofen"]
[Date "2008.03.07"]
[Round "9"]
[White "Dinser, Hans"]
[Black "Diete, Guenter"]
[Result "0-1"]
[WhiteElo "1683"]
[BlackElo "1737"]
[PlyCount "146"]
[EventDate "2008.02.28"]
[EventType "swiss"]
[EventRounds "9"]
[EventCountry "GER"]
[SourceTitle "EXT 2022"]
[Source "ChessBase"]
[SourceDate "2021.10.06"]
[SourceVersion "1"]
[SourceVersionDate "2021.10.06"]
[SourceQuality "1"]

1. d4 d5 2. c4 e5 3. dxe5 d4 4. Nf3 Nc6 5. e3 Bb4+ 6. Bd2 dxe3 7. fxe3 Nge7 8. Be2 Bxd2+ 9. Qxd2 Qxd2+ 10. Nbxd2 Nf5 11. Kf2 0-0 12. a3 Re8 13. Rhe1 Nxe5 14. Nxe5 Rxe5 15. Bd3 Nd6 16. b4 b6 17. Nf3 Re7 18. Rac1 c5 19. Rcd1 f5 20. Nd2 Bb7 21. bxc5 bxc5 22. Nb3 Bc8 23. Nd2 g6 24. Nf3 Ba6 25. Nd2 Rb8 26. Rb1 Reb7 27. Rxb7 Rxb7 28. Rb1 Kf8 29. Rxb7 Bxb7 30. Nb3 Be4 31. Nxc5 Bxd3 32. Nxd3 Nxc4 33. a4 Ke7 34. Kf3 Kd6 35. e4 Nd2+ 36. Kf4 Nxe4 37. g4 Nc3 38. gxf5 gxf5 39. a5 Ke6 40. h4 Kf6 41. Nb4 h6 42. a6 Ke6 43. Nc6 Nb5 44. h5 Kf6 45. Nb4 Nc7 46. Nc6 Nxa6 47. Nxa7 Nc7 48. Nc6 Ne6+ 49. Kf3 Ng7 50. Nd4 Nxh5 51. Nc6 Ng7 52. Nd4 h5 53. Kg3 Ne6 54. Nf3 Ng5 55. Nh4 Ke5 56. Ng6+ Kf6 57. Nf4 Ne6 58. Nh3 Kg6 59. Ng1 f4+ 60. Kh4 Nd4 61. Kh3 Kg5 62. Kg2 Kg4 63. Kf2 h4 64. Kg2 Nf5 65. Nf3 h3+ 66. Kf2 Nh4 67. Nh2+ Kf5 68. Nf1 Ng6 69. Nh2 Ne5 70. Nf1 Ng4+ 71. Kg1 Ke4 72. Nd2+ Ke3 73. Nc4+ Ke2 0-1

[Event "Bad Woerishofen Seniors op 24th"]
[Site "Bad Woerishofen"]
[Date "2008.03.03"]
[Round "5"]
[White "Roggenbach, Ottomar"]
[Black "Diete, Guenter"]
[Result "1/2-1/2"]
[WhiteElo "1624"]
[BlackElo "1737"]
[PlyCount "77"]
[EventDate "2008.02.28"]
[EventType "swiss"]
[EventRounds "9"]
[EventCountry "GER"]
[SourceTitle "EXT 2022"]
[Source "ChessBase"]
[SourceDate "2021.10.06"]
[SourceVersion "1"]
[SourceVersionDate "2021.10.06"]
[SourceQuality "1"]

1. e4 e5 2. Nf3 Nf6 3. Nc3 d6 4. Bc4 Be7 5. h3 0-0 6. d3 c6 7. 0-0 a5 8. a4 Bd7 9. Bg5 Na6 10. Bxa6 Rxa6 11. b3 h6 12. Be3 c5 13. Nh2 Bc6 14. Ng4 Qd7 15. Nxf6+ Bxf6 16. Qg4 Qxg4 17. hxg4 Raa8 18. Rad1 b6 19. Nb5 Bxb5 20. axb5 Rfe8 21. c4 a4 22. bxa4 Rxa4 23. Ra1 Rea8 24. Rxa4 Rxa4 25. Rd1 Kh7 26. g3 g5 27. Kg2 Kg6 28. Kf3 Ra3 29. Ke2 h5 30. Kf3 h4 31. Kg2 Be7 32. Kh3 Ra8 33. Rb1 Bf6 34. Rd1 Ra2 35. Kg2 Ra3 36. Kh3 hxg3 37. Kxg3 Bg7 38. Kg2 Bh6 39. Kg3 1/2-1/2

[Event "Bad Woerishofen Seniors op 24th"]
[Site "Bad Woerishofen"]
[Date "2008.03.01"]
[Round "3"]
[White "Wilfert, Eva Maria"]
[Black "Diete, Guenter"]
[Result "0-1"]
[WhiteElo "1486"]
[BlackElo "1737"]
[PlyCount "80"]
[EventDate "2008.02.28"]
[EventType "swiss"]
[EventRounds "9"]
[EventCountry "GER"]
[SourceTitle "EXT 2022"]
[Source "ChessBase"]
[SourceDate "2021.10.06"]
[SourceVersion "1"]
[SourceVersionDate "2021.10.06"]
[SourceQuality "1"]

1. e4 e5 2. Nf3 Nf6 3. d3 Nc6 4. Be2 Bc5 5. Bg5 d6 6. Nc3 h6 7. Bh4 g5 8. Bg3 Bd7 9. Na4 Bb4+ 10. Nd2 Nd4 11. Nc3 Bxc3 12. bxc3 Nb5 13. c4 Nc3 14. Qc1 Nxe2 15. Kxe2 b6 16. f3 Nh5 17. Qe1 Ng7 18. Nb3 Ne6 19. Qc3 c5 20. Rhd1 Qf6 21. Qe1 a5 22. a4 h5 23. Kd2 h4 24. Bf2 Qf4+ 25. Be3 Qxh2 26. Qg1 Qxg1 27. Rxg1 Ke7 28. c3 f6 29. d4 Rac8 30. dxe5 fxe5 31. Ke2 Rcg8 32. Nd2 Kd8 33. Nb1 Kc7 34. Nd2 g4 35. fxg4 Rxg4 36. Kd3 Rhg8 37. Nf3 Nf4+ 38. Bxf4 Rxf4 39. Ke3 Bc6 40. Nd2 Rg3+ 0-1

[Event "Bad Woerishofen Seniors opA 23rd"]
[Site "Bad Woerishofen"]
[Date "2007.03.15"]
[Round "8"]
[White "Jagdhuber, Hans"]
[Black "Diete, Guenter"]
[Result "0-1"]
[WhiteElo "1857"]
[BlackElo "1799"]
[PlyCount "78"]
[EventDate "2007.03.08"]
[EventType "swiss"]
[EventRounds "9"]
[EventCountry "GER"]
[SourceTitle "EXT 2022"]
[Source "ChessBase"]
[SourceDate "2021.10.06"]
[SourceVersion "1"]
[SourceVersionDate "2021.10.06"]
[SourceQuality "1"]

1. c4 e5 2. Nc3 Nc6 3. g3 f5 4. Bg2 Nf6 5. a3 a5 6. Rb1 Be7 7. d3 h6 8. e3 0-0 9. Nge2 Qe8 10. Nd5 Bd8 11. 0-0 Ne7 12. Nxf6+ Rxf6 13. b4 c6 14. Bb2 Bc7 15. f4 d6 16. c5 Nd5 17. Qd2 Rf7 18. e4 Ne7 19. cxd6 Bxd6 20. fxe5 Bc7 21. Kh1 axb4 22. axb4 fxe4 23. Rxf7 Qxf7 24. Rf1 Qb3 25. Nd4 e3 26. Nxb3 exd2 27. Nxd2 Ra2 28. Nc4 Be6 29. Ra1 Bxc4 30. dxc4 Rxb2 31. b5 Bxe5 32. Re1 Bd6 33. Bh3 cxb5 34. Be6+ Kh7 35. Rd1 Bc5 36. cxb5 Rxb5 37. Bc4 Rb2 38. Rd7 b6 39. Rd8 h5 0-1

[Event "Bad Woerishofen Seniors opA 22th"]
[Site "Bad Woerishofen"]
[Date "2006.03.19"]
[Round "3"]
[White "Schuster, Herbert"]
[Black "Diete, Guenter"]
[Result "0-1"]
[WhiteElo "1652"]
[BlackElo "1794"]
[PlyCount "154"]
[EventDate "2006.03.17"]
[EventType "swiss"]
[EventRounds "9"]
[EventCountry "GER"]
[SourceTitle "EXT 2022"]
[Source "ChessBase"]
[SourceDate "2021.10.06"]
[SourceVersion "1"]
[SourceVersionDate "2021.10.06"]
[SourceQuality "1"]

1. d4 d5 2. c4 e6 3. Nc3 Nf6 4. Nf3 h6 5. e3 c6 6. a3 Nbd7 7. cxd5 exd5 8. b4 Bd6 9. g3 0-0 10. Qc2 Re8 11. Bg2 b6 12. 0-0 Bb7 13. Bb2 Rc8 14. Qe2 Nb8 15. Rfe1 Ba6 16. Qd2 Nbd7 17. Rac1 Nf8 18. Bh3 Rc7 19. Na4 Ne4 20. Qc2 Qf6 21. Ne5 Bxe5 22. dxe5 Qe7 23. Bg2 Bb5 24. Nc3 Nxc3 25. Qxc3 Rec8 26. Bh3 Rd8 27. f4 Ne6 28. Qb3 d4 29. Bg2 dxe3 30. Qxe3 Rd3 31. Qe4 Rd8 32. Qf5 Bd3 33. Be4 g6 34. Qf6 Qxf6 35. exf6 Bxe4 36. Rxe4 Rd2 37. Bc3 Rd3 38. Be5 Rcd7 39. Kf2 c5 40. bxc5 Nxc5 41. Rec4 Rd2+ 42. Kg1 Rd1+ 43. Kg2 R7d2+ 44. Kf3 Rd3+ 45. Kg4 Rxc1 46. Rxc1 Rxa3 47. Rc4 Rb3 48. Rd4 Rd3 49. Rc4 Rd5 50. h4 h5+ 51. Kf3 Kf8 52. Bb8 Rd7 53. Rc2 Ke8 54. Ra2 a6 55. Rb2 Rb7 56. Bd6 Ne6 57. Be7 b5 58. Ke4 a5 59. f5 gxf5+ 60. Kxf5 b4 61. g4 Rb5+ 62. Ke4 hxg4 63. Rg2 a4 64. Rxg4 a3 65. Rg8+ Kd7 66. Ra8 Kc6 67. Kd3 Nc5+ 68. Kc4 Kb7 69. Rg8 a2 70. Rg1 b3 71. Kxb5 b2 72. Kxc5 b1Q 73. Rxb1+ axb1Q 74. Kd6 Qf5 75. h5 Qxh5 76. Kd7 Qb5+ 77. Kd8 Qd5+ 0-1

[Event "Bad Woerishofen Seniors opA 22th"]
[Site "Bad Woerishofen"]
[Date "2006.03.18"]
[Round "2"]
[White "Diete, Guenter"]
[Black "Alefs, Willi"]
[Result "1/2-1/2"]
[WhiteElo "1794"]
[BlackElo "1658"]
[PlyCount "76"]
[EventDate "2006.03.17"]
[EventType "swiss"]
[EventRounds "9"]
[EventCountry "GER"]
[SourceTitle "EXT 2022"]
[Source "ChessBase"]
[SourceDate "2021.10.06"]
[SourceVersion "1"]
[SourceVersionDate "2021.10.06"]
[SourceQuality "1"]

1. e4 e5 2. Nf3 Nc6 3. Bc4 Nf6 4. d3 h6 5. 0-0 d6 6. h3 Be7 7. Bd2 Nh7 8. Nc3 Na5 9. Bb5+ c6 10. Ba4 b5 11. Nxb5 cxb5 12. Bxb5+ Kf8 13. b4 Nb7 14. Ba6 Qb6 15. Bc4 Nf6 16. c3 Bd7 17. Be3 Qc7 18. Qb3 Nd8 19. a4 Be6 20. Bd5 Nxd5 21. exd5 Bf5 22. c4 g6 23. Nd2 Kg7 24. f4 f6 25. fxe5 fxe5 26. d4 Bf6 27. dxe5 Bxe5 28. Rac1 Qd7 29. Rf2 Rb8 30. g4 Bxg4 31. hxg4 Qxg4+ 32. Rg2 Qh3 33. Qd3 g5 34. Rf1 Nf7 35. Rf3 Qh4 36. b5 Rb7 37. Qf5 Re8 38. a5 Bc3 1/2-1/2

[Event "Bad Woerishofen Seniors op 21st"]
[Site "Bad Woerishofen"]
[Date "2005.03.04"]
[Round "2"]
[White "Klempt, Guenter"]
[Black "Diete, Guenter"]
[Result "1-0"]
[WhiteElo "1943"]
[BlackElo "1696"]
[PlyCount "119"]
[EventDate "2005.03.03"]
[EventType "swiss"]
[EventRounds "9"]
[EventCountry "GER"]
[SourceTitle "EXT 2006"]
[Source "ChessBase"]
[SourceDate "2005.11.24"]
[SourceVersion "1"]
[SourceVersionDate "2005.11.24"]
[SourceQuality "1"]

1. d4 d5 2. c4 e6 3. Nc3 Nf6 4. Bg5 Nbd7 5. e3 Be7 6. Nf3 0-0 7. Bd3 h6 8. Bh4 c6 9. 0-0 b6 10. Rc1 Bb7 11. cxd5 exd5 12. Re1 Re8 13. h3 c5 14. dxc5 bxc5 15. Bb5 g5 16. Bg3 a6 17. Ba4 Bf8 18. Qb3 Qc8 19. Bxd7 Qxd7 20. Ne5 Qc8 21. Nf3 Re6 22. Red1 Ra7 23. Be5 d4 24. exd4 c4 25. Qc2 Bxf3 26. gxf3 Bg7 27. Ne4 Nxe4 28. Bxg7 Kxg7 29. fxe4 Rf6 30. Rd3 Rc7 31. Rg3 Rf4 32. d5 Re7 33. Qxc4 Qb8 34. Qc3+ f6 35. Re1 Qb6 36. Qd2 Rexe4 37. Rxe4 Rxe4 38. Re3 Rd4 39. Rd3 Rxd3 40. Qxd3 Qxb2 41. Qxa6 Qb1+ 42. Kh2 Qc2 43. Qa7+ Kg6 44. d6 Qd2 45. Qc5 Qf4+ 46. Kg1 Qd2 47. Qc6 Qd1+ 48. Kg2 g4 49. Qe8+ Kg7 50. Qe7+ Kg6 51. Qe4+ f5 52. Qe6+ Kg7 53. Qxf5 gxh3+ 54. Qxh3 Qd5+ 55. Qf3 Qxa2 56. d7 Qd2 57. Qf5 h5 58. Qe5+ Kh6 59. Qf6+ Kh7 60. d8Q 1-0

[Event "Bad Woerishofen Seniors op 19th"]
[Site "Bad Woerishofen"]
[Date "2003.03.21"]
[Round "9"]
[White "Moeckel, Edgar"]
[Black "Diete, Guenter"]
[Result "1-0"]
[WhiteElo "1997"]
[BlackElo "1750"]
[PlyCount "163"]
[EventDate "2003.03.13"]
[EventType "swiss"]
[EventRounds "9"]
[EventCountry "GER"]
[SourceTitle "EXT 2004"]
[Source "ChessBase"]
[SourceDate "2003.11.25"]
[SourceVersion "1"]
[SourceVersionDate "2003.11.25"]
[SourceQuality "1"]

1. d4 d5 2. Nf3 Nf6 3. c4 e6 4. Nc3 Be7 5. e3 Nbd7 6. Bd3 c6 7. 0-0 0-0 8. e4 dxe4 9. Nxe4 Nxe4 10. Bxe4 Nf6 11. Bc2 h6 12. Ne5 c5 13. Be3 cxd4 14. Bxd4 Qc7 15. Qe2 b6 16. b3 Bb7 17. Rad1 Rad8 18. Qe3 Qb8 19. Rd2 Qa8 20. f3 Rxd4 21. Rxd4 Bc5 22. Rfd1 Re8 23. Kh1 Bxd4 24. Qxd4 Qb8 25. Kg1 Qc7 26. Kf2 Kf8 27. g3 b5 28. Bb1 bxc4 29. Nxc4 Bd5 30. Ne5 Qb7 31. Qc5+ Qe7 32. Rc1 Qxc5+ 33. Rxc5 Bb7 34. Bd3 Nd5 35. Be4 Re7 36. a3 Ke8 37. Bxd5 exd5 38. Nd3 f6 39. Rc2 Kd8 40. b4 Ba6 41. Nc5 Bc4 42. h4 a6 43. Rd2 Kc7 44. f4 Kb6 45. Nd3 Kb5 46. Nb2 h5 47. Kf3 Re1 48. Rc2 Ra1 49. Rc3 Ra2 50. Nxc4 dxc4 51. Ke4 Rd2 52. Ke3 Rd8 53. Ke4 f5+ 54. Ke3 Rd6 55. Ke2 Re6+ 56. Kd2 Re4 57. Rf3 a5 58. bxa5 Kxa5 59. Rc3 Kb5 60. Rf3 Kc5 61. Rc3 Kd4 62. Rf3 Re8 63. a4 Ra8 64. Ra3 Ra5 65. Kc2 Kc5 66. Kc3 Ra8 67. a5 Re8 68. a6 Kb5 69. a7 Ra8 70. Ra1 g6 71. Ra2 Kc5 72. Ra5+ Kb6 73. Ra2 Kc5 74. Ra1 Kd5 75. Ra5+ Ke4 76. Kxc4 Kf3 77. Ra3+ Kg4 78. Kd5 g5 79. hxg5 h4 80. gxh4 Kxf4 81. Kc6 Kg4 82. Kb7 1-0

[Event "Bad Woerishofen Seniors op 19th"]
[Site "Bad Woerishofen"]
[Date "2003.03.19"]
[Round "7"]
[White "Neumann, Erwin"]
[Black "Diete, Guenter"]
[Result "1/2-1/2"]
[WhiteElo "2055"]
[BlackElo "1750"]
[PlyCount "84"]
[EventDate "2003.03.13"]
[EventType "swiss"]
[EventRounds "9"]
[EventCountry "GER"]
[SourceTitle "EXT 2004"]
[Source "ChessBase"]
[SourceDate "2003.11.25"]
[SourceVersion "1"]
[SourceVersionDate "2003.11.25"]
[SourceQuality "1"]

1. e4 e6 2. d4 d5 3. Nc3 Bb4 4. Nge2 dxe4 5. a3 Be7 6. Nxe4 Nf6 7. N2g3 Nbd7 8. Be2 b6 9. Bf3 Rb8 10. 0-0 0-0 11. Re1 a5 12. c4 Ba6 13. Qc2 Nxe4 14. Nxe4 Nf6 15. Be3 h6 16. Rad1 Nxe4 17. Bxe4 Bg5 18. f4 Bf6 19. b4 axb4 20. axb4 Bb7 21. d5 exd5 22. Bxd5 Qc8 23. c5 Bxd5 24. Rxd5 c6 25. Rdd1 bxc5 26. Bxc5 Rd8 27. Rxd8+ Qxd8 28. Rd1 Qc8 29. Qe4 Qa6 30. Rd6 Rc8 31. Rd7 Qb5 32. Ra7 Rd8 33. Ra5 Rd1+ 34. Kf2 Qf1+ 35. Kg3 Rd3+ 36. Be3 Qe1+ 37. Kf3 Qd1+ 38. Kg3 g6 39. Ra8+ Kg7 40. Qe8 Qe1+ 41. Kf3 Qd1+ 42. Kg3 Qe1+ 1/2-1/2

[Event "Bad Woerishofen Seniors op 19th"]
[Site "Bad Woerishofen"]
[Date "2003.03.13"]
[Round "1"]
[White "Diete, Guenter"]
[Black "Minz, Michail"]
[Result "0-1"]
[WhiteElo "1750"]
[BlackElo "2161"]
[PlyCount "132"]
[EventDate "2003.03.13"]
[EventType "swiss"]
[EventRounds "9"]
[EventCountry "GER"]
[SourceTitle "EXT 2004"]
[Source "ChessBase"]
[SourceDate "2003.11.25"]
[SourceVersion "1"]
[SourceVersionDate "2003.11.25"]
[SourceQuality "1"]

1. e4 e6 2. d4 d5 3. e5 c5 4. Nf3 Nc6 5. c3 Bd7 6. Bd3 cxd4 7. cxd4 Qb6 8. Be2 Nge7 9. Be3 Qxb2 10. Nbd2 Qa3 11. 0-0 Nf5 12. Nb3 b6 13. Bc1 Qa4 14. a3 Na5 15. Nxa5 Qxa5 16. Bd3 Qa4 17. Bc2 Qc6 18. a4 Rc8 19. Bd3 Qc3 20. Be3 Nxe3 21. fxe3 Be7 22. h4 h6 23. h5 0-0 24. Rf2 Qa5 25. Bc2 Rc3 26. Bd3 Rfc8 27. Kh2 Ra3 28. Rfa2 Rxa2 29. Rxa2 Qb4 30. Rc2 Rxc2 31. Bxc2 Qc3 32. Qe2 a6 33. Bd3 Bxa4 34. Bxa6 Qa5 35. Bd3 b5 36. Bb1 Qc3 37. Qd3 Qxd3 38. Bxd3 Bb4 39. Kg1 Bc3 40. Kf2 b4 41. Ke2 f5 42. exf6 gxf6 43. g4 Kf7 44. Bb1 Bb3 45. Bg6+ Ke7 46. Bb1 Bc4+ 47. Kf2 b3 48. Nh4 b2 49. Nf3 Kf7 50. Bg6+ Kg7 51. Bb1 e5 52. dxe5 fxe5 53. Nh4 Kf6 54. Nf5 Kg5 55. Nd6 Kxg4 56. Nxc4 dxc4 57. Bg6 e4 58. Bxe4 Kxh5 59. Bc2 Kg4 60. Bd1+ Kg5 61. Bc2 h5 62. Kg3 Be5+ 63. Kf3 h4 64. Bb1 h3 65. Bc2 h2 66. Kg2 c3 0-1

[Event "Bad Woerishofen Seniors op 18th"]
[Site "Bad Woerishofen"]
[Date "2002.03.13"]
[Round "7"]
[White "Baur, Theo"]
[Black "Diete, Guenter"]
[Result "0-1"]
[WhiteElo "1499"]
[BlackElo "1744"]
[PlyCount "110"]
[EventDate "2002.03.??"]
[EventType "swiss"]
[EventRounds "9"]
[EventCountry "GER"]
[SourceTitle "EXT 2006"]
[Source "ChessBase"]
[SourceDate "2005.11.24"]
[SourceVersion "1"]
[SourceVersionDate "2005.11.24"]
[SourceQuality "1"]

1. e4 e5 2. Bc4 c6 3. Nc3 Nf6 4. d3 d5 5. exd5 cxd5 6. Bb3 Be7 7. h3 0-0 8. Nf3 Nc6 9. a3 h6 10. 0-0 Be6 11. Ne2 Bd6 12. Bd2 Rc8 13. Qc1 Kh7 14. Ng3 Ne7 15. c3 e4 16. dxe4 Bxg3 17. e5 Ne4 18. Bc2 Nf5 19. fxg3 Nexg3 20. Bxf5+ Bxf5 21. Re1 Be4 22. Kh2 Nf5 23. Qd1 Rc6 24. Nd4 Nxd4 25. cxd4 Rg6 26. g3 Qb6 27. Bc3 Re8 28. Rf1 Qe6 29. Rf4 f5 30. Qe2 Rc8 31. Rg1 a6 32. g4 fxg4 33. Rgxg4 Bf5 34. Rxg6 Bxg6 35. Qf2 a5 36. h4 b5 37. Qg3 b4 38. axb4 axb4 39. Bxb4 Rc2+ 40. Rf2 Rc1 41. Bf8 Qd7 42. Re2 Be4 43. Re1 Rc2+ 44. Kg1 Rg2+ 45. Qxg2 Bxg2 46. e6 Qe8 47. e7 Be4 48. Kh2 Qg6 49. Rg1 Qd6+ 50. Rg3 Qa6 51. Rxg7+ Kh8 52. Rg2 Qf1 53. Rg1 Qf2+ 54. Kh3 Qxg1 55. h5 Bf5+ 0-1

[Event "Bad Woerishofen Seniors op 18th"]
[Site "Bad Woerishofen"]
[Date "2002.03.12"]
[Round "6"]
[White "Diete, Guenter"]
[Black "Bareth, Walter"]
[Result "0-1"]
[WhiteElo "1744"]
[BlackElo "1846"]
[PlyCount "114"]
[EventDate "2002.03.??"]
[EventType "swiss"]
[EventRounds "9"]
[EventCountry "GER"]
[SourceTitle "EXT 2006"]
[Source "ChessBase"]
[SourceDate "2005.11.24"]
[SourceVersion "1"]
[SourceVersionDate "2005.11.24"]
[SourceQuality "1"]

1. e4 e6 2. d4 d5 3. e5 c5 4. Nf3 Nc6 5. c3 Qb6 6. Bd3 Bd7 7. Bc2 Nh6 8. 0-0 Nf5 9. Bxf5 exf5 10. Re1 Be6 11. a4 Be7 12. Re2 c4 13. b4 cxb3 14. Rb2 Na5 15. Nfd2 0-0 16. Nxb3 Nc4 17. Re2 Rfc8 18. N3d2 Na5 19. Ba3 Bxa3 20. Rxa3 Rc7 21. Nb3 Nc4 22. Ra1 Rac8 23. h4 Qc6 24. Kh2 Qe8 25. Nc5 b6 26. Na6 Rb7 27. Nb4 Qd8 28. g3 g6 29. Nd3 Kg7 30. Nf4 Rbc7 31. Rea2 Na5 32. Ne2 Rc6 33. Nd2 R8c7 34. Rb2 Bc8 35. Rc1 Ba6 36. Nb1 h6 37. Nf4 Nc4 38. Ra2 Bc8 39. Qf3 Be6 40. Na3 Qd7 41. Rb1 Na5 42. Rc2 Nc4 43. Nxc4 Rxc4 44. Rb5 Rxd4 45. Rcb2 Rxa4 46. Nxd5 Bxd5 47. Rxd5 Qc6 48. Qd1 Rc4 49. Rd6 Qc5 50. Re2 Re4 51. Red2 Qxe5 52. Kg2 Re1 53. Qb3 Qe4+ 54. f3 Re2+ 55. Rxe2 Qxe2+ 56. Kh3 Qxf3 57. Qb5 Qh1# 0-1

[Event "Bad Woerishofen Seniors op 18th"]
[Site "Bad Woerishofen"]
[Date "2002.03.09"]
[Round "3"]
[White "Ganslmayer, Herbert"]
[Black "Diete, Guenter"]
[Result "1-0"]
[WhiteElo "1779"]
[BlackElo "1744"]
[PlyCount "131"]
[EventDate "2002.03.??"]
[EventType "swiss"]
[EventRounds "9"]
[EventCountry "GER"]
[SourceTitle "EXT 2006"]
[Source "ChessBase"]
[SourceDate "2005.11.24"]
[SourceVersion "1"]
[SourceVersionDate "2005.11.24"]
[SourceQuality "1"]

1. d4 d5 2. e3 c5 3. f4 Nf6 4. Nf3 Nc6 5. c3 cxd4 6. exd4 e6 7. Bd3 Bd6 8. 0-0 Ne7 9. Ne5 0-0 10. Nd2 Nf5 11. Ndf3 Ne4 12. Qe1 Be7 13. Bxe4 dxe4 14. Qxe4 Nd6 15. Qc2 f6 16. Nd3 Re8 17. Be3 b6 18. Qb3 Kh8 19. Rad1 Qc7 20. Nf2 Nc4 21. Bc1 Bb7 22. Nd3 Rad8 23. Qc2 Be4 24. Qe2 Nd6 25. Nd2 Bd5 26. Nb4 Bf8 27. Nxd5 exd5 28. Qf3 Ne4 29. f5 Bd6 30. g3 Ng5 31. Qg2 Qf7 32. Rde1 Qh5 33. h4 Ne4 34. Nxe4 dxe4 35. Bf4 Bxf4 36. Rxf4 e3 37. Qf3 Qf7 38. a3 Qa2 39. Re2 Qb1+ 40. Kh2 Qd3 41. g4 Re7 42. g5 Rde8 43. Qg4 Re4 44. gxf6 gxf6 45. Rg2 R4e7 46. Qe2 Qb1 47. Rg1 Qa2 48. Rfg4 Qd5 49. Rf1 Re4 50. Rff4 Qd6 51. Kg3 Rxf4 52. Rxf4 Rg8+ 53. Kf3 Qd5+ 54. Re4 Qxf5+ 55. Kxe3 Qh3+ 56. Kf4 Qxh4+ 57. Kf5 Qg5+ 58. Ke6 Qg6 59. Kd5 Qf7+ 60. Re6 Rd8+ 61. Kc4 Rd6 62. d5 Qc7+ 63. Kb3 Rd8 64. Rxf6 Qg7 65. Qe6 Qd7 66. Rf8+ 1-0

[Event "Bad Woerishofen Seniors op 18th"]
[Site "Bad Woerishofen"]
[Date "2002.03.08"]
[Round "2"]
[White "Diete, Guenter"]
[Black "Weber, Gerhard"]
[Result "0-1"]
[WhiteElo "1744"]
[BlackElo "1847"]
[PlyCount "129"]
[EventDate "2002.03.??"]
[EventType "swiss"]
[EventRounds "9"]
[EventCountry "GER"]
[SourceTitle "EXT 2006"]
[Source "ChessBase"]
[SourceDate "2005.11.24"]
[SourceVersion "1"]
[SourceVersionDate "2005.11.24"]
[SourceQuality "1"]

1. e4 e5 2. Nf3 Nc6 3. Bc4 Nf6 4. Nc3 Nxe4 5. Bxf7+ Kxf7 6. Nxe4 Be7 7. d3 Rf8 8. 0-0 Kg8 9. c3 d5 10. Ned2 Bf5 11. Ne1 Qd7 12. b4 a6 13. a3 Rad8 14. Qb3 Kh8 15. Ndf3 e4 16. dxe4 Bxe4 17. Ng5 Bg6 18. Be3 h6 19. Ngf3 Bf7 20. Qc2 Bf6 21. Rd1 Qg4 22. Nd4 Bg6 23. Qe2 Qxe2 24. Nxe2 Rfe8 25. Nf4 Bf7 26. Bd4 Nxd4 27. cxd4 g5 28. Nfd3 Bxd4 29. Nf3 Bf6 30. Nc5 b6 31. Nxa6 Rd7 32. Nd4 Bxd4 33. Rxd4 Ra8 34. b5 Kg7 35. Re1 Re8 36. Rxe8 Bxe8 37. Nb4 Re7 38. Rd1 Bxb5 39. Nxd5 Rd7 40. Ne3 Rxd1+ 41. Nxd1 Kf6 42. Nc3 Bc4 43. f3 Ke5 44. Kf2 Kd4 45. Ne4 Bd5 46. Nf6 Be6 47. Ke2 Kc3 48. Ne8 c5 49. Nc7 Bf7 50. Ke3 Kb3 51. Nb5 Ka4 52. Nd6 Be6 53. Kd3 Kxa3 54. Kc3 Ka4 55. Nb7 Bd5 56. Nd6 b5 57. Nf5 b4+ 58. Kb2 c4 59. Nd4 c3+ 60. Kc2 Bf7 61. g4 Bg6+ 62. Nf5 Kb5 63. Kb3 Bxf5 64. gxf5 Kc5 65. Kc2 0-1

[Event "Bad Woerishofen op 17th"]
[Site "Bad Woerishofen"]
[Date "2001.??.??"]
[Round "6"]
[White "Diete, Guenter"]
[Black "Schmidt, Thomas"]
[Result "0-1"]
[WhiteElo "1820"]
[BlackElo "1671"]
[PlyCount "96"]
[EventDate "2001.03.15"]
[EventType "swiss"]
[EventRounds "9"]
[EventCountry "GER"]
[SourceTitle "CBM 081 Extra"]
[Source "ChessBase"]
[SourceDate "2001.05.06"]
[SourceVersion "1"]
[SourceVersionDate "2001.05.06"]
[SourceQuality "1"]

1. e4 c5 2. b4 cxb4 3. d4 d5 4. exd5 Qxd5 5. Nf3 e6 6. c4 bxc3 7. Nxc3 Bb4 8. Bd2 Bxc3 9. Bxc3 Nc6 10. Bd3 Nf6 11. 0-0 0-0 12. Re1 Qh5 13. Rb1 a6 14. Qc2 Nd5 15. Bd2 f6 16. h3 Nce7 17. Kh2 g5 18. g4 Qf7 19. Re2 Ng6 20. Ree1 Ngf4 21. Be4 Ra7 22. Rg1 b5 23. Ba5 h5 24. gxh5 Qxh5 25. Rg3 Rg7 26. Rb3 g4 27. Ng1 f5 28. Bg2 Nxg2 29. Rxg2 Nf4 30. Rgg3 Bb7 31. Bd2 Rc8 32. Rbc3 Rxc3 33. Qxc3 Nd5 34. Qc1 Nf6 35. f3 Bxf3 36. Bf4 Ne4 37. Qc8+ Kh7 38. Be5 Nxg3 39. Kxg3 Qg6 40. Bxg7 Kxg7 41. Qc7+ Kh6 42. h4 Bd5 43. Qd8 f4+ 44. Kxf4 Qe4+ 45. Kg3 Qg2+ 46. Kf4 Qf2+ 47. Ke5 Qh2+ 48. Kf6 Qxh4+ 0-1